Catálogo

Vista normal Vista MARC

Entrada Personal Name

Número de registros utilizados en: 1

001 - CONTROL NUMBER

  • control field: 16940

003 - CONTROL NUMBER IDENTIFIER

  • control field: DLC

005 - DATE AND TIME OF LATEST TRANSACTION

  • control field: 20250403141053.0

008 - FIXED-LENGTH DATA ELEMENTS

  • fixed length control field: 130607n| azannaabn |a aaa

010 ## - LIBRARY OF CONGRESS CONTROL NUMBER

  • LC control number: no2013062371

035 ## - SYSTEM CONTROL NUMBER

  • System control number: (OCoLC)oca09491303

040 ## - CATALOGING SOURCE

  • Original cataloging agency: IEN
  • Language of cataloging: spa
  • Description conventions: rda
  • Transcribing agency: Mx-PuUPA
  • Modifying agency: DLC
  • Modifying agency: NcD
  • Modifying agency: Mx-PuUPA

046 ## - SPECIAL CODED DATES

  • Birth date: 19640103
  • Source of date scheme: edtf

053 #0 - LC CLASSIFICATION NUMBER

  • Classification number element--single number or beginning number of span: PQ7298.26.A754

100 1# - HEADING--PERSONAL NAME

  • Personal name: Pascual, Carlos,
  • Dates associated with a name: 1964-

370 ## - ASSOCIATED PLACE

  • Place of birth: Ciudad de México (México)
  • Source of term: naf

374 ## - OCCUPATION

  • Occupation: Autor
  • Occupation: Escritor
  • Occupation: Dramaturgo
  • Occupation: Guionista
  • Occupation: Director de esena

375 ## - GENDER

  • Gender: hombre

377 ## - ASSOCIATED LANGUAGE

  • Language code: spa

400 1# - SEE FROM TRACING--PERSONAL NAME

  • Personal name: Pascual Quiroz, Carlos,
  • Dates associated with a name: 1964-

400 1# - SEE FROM TRACING--PERSONAL NAME

  • Personal name: Quiroz, Carlos Pascual,
  • Dates associated with a name: 1964-

670 ## - SOURCE DATA FOUND

  • Source citation: La insurgenta, 2010:
  • Information found: t.p. (Carlos Pascual) cover p. 2 (writer, playwright, actor, and stage director; developed the television programs Operítica, El emergente, and Grillópera)

670 ## - SOURCE DATA FOUND

  • Source citation: Spanish Wikipedia, June 7, 2013
  • Information found: (Carlos Pascual Quiroz, b. Mexico City, Jan. 3, 1964; writer, screenwriter, stage director, actor and singer)
  • Uniform Resource Identifier: http://es.wikipedia.org/wiki/Carlos_Pascual_Quiroz